Normal view MARC view
  • Muñoz de Madariaga, Juan José

Entry Nombre Personal

Number of records used in: 1

001 - NUMERO DE CONTROL

  • campo de control: 53046

003 - IDENTIFICADOR DE NUMERO DE CONTROL

  • campo de control: MX-MxUPN

005 - FECHA Y HORA DE LA ÜLTIMA TRANSACCIÓN

  • campo de control: 20240814134330.0

008 - DATOS DE LONGITUD FIJA

  • campo de control de longitud fija: 240814|| acn||aabn | aaa d

040 ## - FUENTE DE CATALOGACIÓN

  • Agencia original de catalogación: MX-MxUPN
  • Lenguaje de catalogación: spa
  • Agencia de transcripción: MX-MxUPN

100 1# - ENCABEZAMIENTO - NOMBRE PERSONAL

  • Nombre personal: Muñoz de Madariaga, Juan José

374 ## - OCUPACIÓN

  • Occupation: Ingeniero
  • Occupation: Profesor

670 ## - FUENTE EN LA QUE SE LOCALIZARON DATOS

  • Cita de la fuente: Manual de geología aplicada a la agricultura y a las artes industriales, 1881 :
  • Información localizada: portada (D. Juan José Muñoz de Madariaga ingeniero jefe de montes y profesor de la Escuela especial del ramo)

902 ## - CATALOGADOR

  • Catalogador: MaríaRobles/140824